[Event "III Memorial Aldo Perini A"]
[Site "Senigallia ITA"]
[Date "2009.08.02"]
[Round "2"]
[White "Castellano, Alfonso"]
[Black "Xia, Jie"]
[Result "0-1"]
[WhiteElo "1952"]
[BlackElo "2206"]
[PlyCount "87"]
[EventDate "2009.08.01"]

1. c4 Nf6 2. Nc3 g6 3. g3 Bg7 4. Bg2 O-O 5. e4 d6 6. Nge2 c5 7. O-O Nc6 8. d3
Bd7 9. h3 Ne8 10. Be3 Nc7 11. d4 cxd4 12. Nxd4 Ne6 13. Nde2 Rc8 14. Rc1 a6 15.
Qd2 Ne5 16. b3 Nc5 17. f4 Ned3 18. Rcd1 b5 19. Bxc5 Nxc5 20. b4 Na4 21. Nxa4
bxa4 22. c5 Bb5 23. Rf3 dxc5 24. bxc5 Qxd2 25. Rxd2 Rxc5 26. e5 f6 27. Nd4 Rd8
28. exf6 Bxf6 29. Nb3 Rxd2 30. Nxd2 Rc1+ 31. Kh2 Rc2 32. Ne4 Bd4 33. Kh1 Bc6
34. Ra3 Rxg2 35. Kxg2 Bxe4+ 36. Kh2 Bc2 37. g4 Kf7 38. Kg3 Bb2 39. Re3 a3 40.
h4 Bb1 41. f5 Bxa2 42. fxg6+ hxg6 43. Rf3+ Kg7 44. Rf1 0-1

[Event "III Memorial Aldo Perini A"]
[Site "Senigallia ITA"]
[Date "2009.08.02"]
[Round "2"]
[White "Cirrincione, Giansalvo"]
[Black "Dorici, Alice"]
[Result "0-1"]
[WhiteElo "1975"]
[BlackElo "1528"]
[PlyCount "46"]
[EventDate "2009.08.01"]

1. d4 d5 2. Bf4 Nf6 3. e3 Bf5 4. Nf3 e6 5. Nbd2 c5 6. c3 Nc6 7. Ne5 Qb6 8. Qc1
Bd6 9. h3 h6 10. g4 Bh7 11. Bh2 Ke7 12. Bd3 Bxe5 13. dxe5 Bxd3 14. exf6+ Kxf6
15. Nb3 Ke7 16. Qd2 Bh7 17. O-O f5 18. Qe2 Rhf8 19. Kh1 Rf7 20. Rg1 fxg4 21.
Nd2 Qxb2 22. Rab1 Be4+ 23. f3 Bxf3+ 0-1

[Event "III Memorial Aldo Perini A"]
[Site "Senigallia ITA"]
[Date "2009.08.02"]
[Round "2"]
[White "Corti, Corrado"]
[Black "Bortolussi, Andrea"]
[Result "1/2-1/2"]
[WhiteElo "2045"]
[BlackElo "1852"]
[PlyCount "76"]
[EventDate "2009.08.01"]

1. d4 Nf6 2. g3 d5 3. Bg2 c6 4. Nf3 Bf5 5. Nbd2 h6 6. O-O Nbd7 7. b3 e6 8. Bb2
Bd6 9. c4 Qe7 10. c5 Bc7 11. Rc1 O-O 12. Re1 Bh7 13. e3 Ne4 14. Nxe4 Bxe4 15.
Bf1 Nf6 16. Nd2 Bg6 17. Bg2 Rfd8 18. Qe2 Ne4 19. Nxe4 Bxe4 20. f3 Bg6 21. e4
Ba5 22. Red1 Rd7 23. e5 f6 24. Bc3 Bc7 25. exf6 Qxf6 26. Re1 Re7 27. Qd2 e5 28.
dxe5 Bxe5 29. Rxe5 Rxe5 30. f4 d4 31. Bxd4 Re2 32. Qxe2 Qxd4+ 33. Qf2 Rd8 34.
Qxd4 Rxd4 35. Bh3 Rd2 36. Be6+ Bf7 37. Bxf7+ Kxf7 38. a3 Rd3 1/2-1/2

[Event "III Memorial Aldo Perini A"]
[Site "Senigallia ITA"]
[Date "2009.08.02"]
[Round "2"]
[White "De Vita, Igor"]
[Black "Briffault, Philippe"]
[Result "1-0"]
[WhiteElo "2086"]
[BlackElo "1954"]
[PlyCount "79"]
[EventDate "2009.08.01"]

1. b3 Nf6 2. Bb2 d6 3. g3 g6 4. Bg2 Bg7 5. Nh3 O-O 6. f3 c6 7. Nf2 Ne4 8. Nd3
Ng5 9. Bxg7 Kxg7 10. Nf2 e5 11. Qc1 Ne6 12. Qb2 f6 13. Na3 d5 14. c3 a6 15. Nc2
d4 16. O-O c5 17. Nd3 Nc6 18. f4 Qb6 19. fxe5 c4 20. exf6+ Rxf6 21. bxc4 Qxb2
22. Nxb2 dxc3 23. dxc3 Bd7 24. Rxf6 Kxf6 25. Ne3 Ng5 26. Nd5+ Kg7 27. Nb6 Rd8
28. Rd1 Nh3+ 29. Bxh3 Bxh3 30. Rxd8 Nxd8 31. Kf2 Kf6 32. Ke3 Ne6 33. Nd3 g5 34.
a4 Kf5 35. Nd7 Bg2 36. N7c5 Nd8 37. Kf2 Bc6 38. e4+ Bxe4 39. g4+ Kxg4 40. a5
1-0

[Event "III Memorial Aldo Perini A"]
[Site "Senigallia ITA"]
[Date "2009.08.02"]
[Round "2"]
[White "Ferrante, Marco"]
[Black "Neri, Angelo"]
[Result "1-0"]
[WhiteElo "2128"]
[BlackElo "1972"]
[PlyCount "53"]
[EventDate "2009.08.01"]

1. e4 e6 2. d4 d5 3. exd5 exd5 4. Bd3 Bd6 5. Ne2 Ne7 6. Bg5 h6 7. Bh4 g5 8. Bg3
Bxg3 9. Nxg3 Nbc6 10. c3 Qd6 11. Nh5 Be6 12. Na3 a6 13. Qe2 b5 14. Nc2 Kd8 15.
a4 b4 16. a5 Bc8 17. Qd2 Bf5 18. Ng3 Bxd3 19. Qxd3 Re8 20. Ne3 Kc8 21. O-O Kb7
22. Ra4 Ng6 23. Ngf5 Qf4 24. Nxd5 Qe4 25. Qc4 Qxf5 26. Rxb4+ Kc8 27. Qxc6 1-0

[Event "III Memorial Aldo Perini A"]
[Site "Senigallia ITA"]
[Date "2009.08.02"]
[Round "2"]
[White "Fiori, Mauro"]
[Black "Grazzi, Roberto"]
[Result "0-1"]
[WhiteElo "1829"]
[BlackElo "2026"]
[PlyCount "58"]
[EventDate "2009.08.01"]

1. d4 Nf6 2. c4 g6 3. Nc3 Bg7 4. e4 d6 5. f3 O-O 6. Be3 Nbd7 7. Qd2 e5 8. Nge2
a6 9. g4 exd4 10. Nxd4 Ne5 11. Be2 Bd7 12. O-O-O b5 13. cxb5 axb5 14. Kb1 b4
15. Nd5 c5 16. Nxf6+ Qxf6 17. Bg5 Nxf3 18. Nxf3 Qe6 19. Qd5 Qxg4 20. Rhg1 Qe6
21. Rge1 Qe8 22. Bc4 Be6 23. Qd3 Qa4 24. Bb3 Qa5 25. Bc1 Rfc8 26. Bc4 d5 27.
Bxd5 c4 28. Qe3 Qxa2+ 29. Kc2 b3+ 0-1

[Event "III Memorial Aldo Perini A"]
[Site "Senigallia ITA"]
[Date "2009.08.02"]
[Round "2"]
[White "Foglia, Maurizio"]
[Black "Buratti, Ettore"]
[Result "1-0"]
[WhiteElo "2140"]
[BlackElo "1865"]
[PlyCount "129"]
[EventDate "2009.08.01"]

1. Nf3 Nf6 2. c4 d6 3. d4 g6 4. Bf4 Bg7 5. e3 O-O 6. Be2 Nbd7 7. h3 c5 8. Nc3
Re8 9. O-O cxd4 10. exd4 a6 11. Qd2 b6 12. Rac1 Bb7 13. d5 Nc5 14. Nd4 Nfe4 15.
Nxe4 Nxe4 16. Qe3 Nf6 17. Bf3 Qd7 18. Rfd1 Qc7 19. b4 Nd7 20. Bh6 Ne5 21. Be2
Rac8 22. Bxg7 Kxg7 23. f4 Nd7 24. Bg4 Rb8 25. Bxd7 Qxd7 26. f5 Kg8 27. Rf1 Rbc8
28. fxg6 hxg6 29. Qh6 e5 30. dxe6 Rxe6 31. Nxe6 Qxe6 32. Qf4 d5 33. cxd5 Qxd5
34. Rxc8+ Bxc8 35. Qb8 Qe6 36. Rd1 Kg7 37. Qd6 Qe3+ 38. Kh2 Kh7 39. Qd4 Qxd4
40. Rxd4 Kg7 41. Rd6 b5 42. Rc6 Bb7 43. Rb6 Bc8 44. Rb8 Be6 45. a3 Bc4 46. Rb6
Kf8 47. Rxa6 Ke8 48. Rc6 Bb3 49. Rc5 Ba4 50. Kg3 Ke7 51. Kf4 Kf6 52. Rc6+ Kg7
53. Kg5 Bb3 54. Rf6 Bc4 55. h4 Bd3 56. g4 Be2 57. Rf2 Bc4 58. h5 gxh5 59. gxh5
Kh7 60. h6 Kg8 61. Kf6 Kh7 62. Rf4 Bb3 63. Rf3 Bc4 64. Rc3 Be6 65. Rc5 1-0

[Event "III Memorial Aldo Perini A"]
[Site "Senigallia ITA"]
[Date "2009.08.02"]
[Round "2"]
[White "Giuliani, Sante"]
[Black "Cavezzana, Davide"]
[Result "1-0"]
[WhiteElo "1987"]
[BlackElo "1792"]
[PlyCount "111"]
[EventDate "2009.08.01"]

1. Nf3 d5 2. g3 c6 3. Bg2 Nf6 4. O-O Bf5 5. d3 e6 6. Nbd2 Nbd7 7. Re1 h6 8. b3
Bb4 9. Bb2 O-O 10. a3 Ba5 11. b4 Bc7 12. e4 dxe4 13. dxe4 Bh7 14. e5 Nd5 15. c4
Ne7 16. Qe2 a5 17. Ne4 Bxe4 18. Qxe4 Ng6 19. h4 axb4 20. axb4 Nb6 21. Bf1 Qe7
22. Rxa8 Rxa8 23. Bc3 Nf8 24. Bd3 Nbd7 25. Bd2 f5 26. exf6 Nxf6 27. Qe2 Bd6 28.
c5 Bc7 29. Bc4 Nd5 30. Nd4 Re8 31. Bxd5 cxd5 32. Qb5 Bb8 33. Qb6 Kf7 34. Re3
Qc7 35. Qb5 Qd7 36. Qe2 Kg8 37. b5 Ba7 38. Bb4 Qc8 39. Rc3 e5 40. Nf3 d4 41.
Rc1 Bb8 42. Qe4 Nd7 43. Qd5+ Kh8 44. c6 bxc6 45. Rxc6 Qd8 46. b6 Nf6 47. Qxd8
Rxd8 48. b7 Rg8 49. Kf1 Nd7 50. Ke2 Re8 51. Rc8 Rg8 52. Ba5 Bd6 53. Bc7 Bxc7
54. Rxc7 Nb6 55. Nxe5 Re8 56. Kd3 1-0

[Event "III Memorial Aldo Perini A"]
[Site "Senigallia ITA"]
[Date "2009.08.02"]
[Round "2"]
[White "Guarini, Stefano"]
[Black "Lucchi, Lorenzo"]
[Result "0-1"]
[WhiteElo "1742"]
[BlackElo "2040"]
[PlyCount "84"]
[EventDate "2009.08.01"]

1. Nf3 b6 2. b3 Bb7 3. Bb2 e6 4. e3 Nf6 5. Be2 d5 6. O-O Bd6 7. d3 Nbd7 8. Nbd2
e5 9. c4 e4 10. dxe4 dxe4 11. Nd4 O-O 12. Nf5 Be5 13. Qc2 Qe8 14. Rad1 Bxb2 15.
Qxb2 Qe5 16. Qxe5 Nxe5 17. Nb1 g6 18. Ng3 h5 19. Rd2 h4 20. Nh1 g5 21. Rfd1 g4
22. Nc3 Kh7 23. Nb5 c6 24. Nd6 Bc8 25. b4 Be6 26. c5 b5 27. a3 Rg8 28. Rd4 Nf3+
29. Bxf3 gxf3 30. g3 Bd5 31. Nf5 Bb3 32. R1d2 Rg5 33. Nxh4 Bc4 34. Rd6 Nd5 35.
Rxc6 Rh8 36. Rd4 Kg7 37. Rxe4 Nc3 38. Rxc4 bxc4 39. Nxf3 Rd5 40. Nd4 Nb1 41.
Ra6 Rxd4 42. exd4 c3 0-1

[Event "III Memorial Aldo Perini A"]
[Site "Senigallia ITA"]
[Date "2009.08.02"]
[Round "2"]
[White "Mandolini, Riccardo"]
[Black "Stromboli, Ettore"]
[Result "1-0"]
[WhiteElo "1977"]
[BlackElo "2272"]
[PlyCount "87"]
[EventDate "2009.08.01"]

1. Nc3 d5 2. e4 e6 3. d4 Bb4 4. e5 c5 5. Bd2 Ne7 6. f4 Nf5 7. Nf3 f6 8. Bd3 O-O
9. Bxf5 exf5 10. Ne2 fxe5 11. fxe5 Ba5 12. c3 Nc6 13. O-O cxd4 14. cxd4 Bb6 15.
Kh1 Qe7 16. a3 Re8 17. Qe1 Be6 18. Rd1 Rac8 19. Qg3 Kh8 20. Bg5 Qf7 21. Be3 h6
22. h4 Kh7 23. Nf4 Na5 24. Rf2 g6 25. Rdf1 Nc4 26. Bc1 Rg8 27. Qh2 Kg7 28. h5
g5 29. Nxe6+ Qxe6 30. Bxg5 Nxe5 31. Nxe5 Bxd4 32. Rxf5 Rcf8 33. Rxf8 Rxf8 34.
Rxf8 Bxe5 35. Bf4 Bd6 36. Bxd6 Qe1+ 37. Qg1 Qh4+ 38. Bh2 Kxf8 39. Qc5+ Ke8 40.
Qb5+ Kf7 41. Qxd5+ Ke8 42. Qb5+ Kd8 43. Qd5+ Ke8 44. Qe5+ 1-0

[Event "III Memorial Aldo Perini A"]
[Site "Senigallia ITA"]
[Date "2009.08.02"]
[Round "2"]
[White "Patrucco, Carlo"]
[Black "Mazzariol, Oscar"]
[Result "0-1"]
[WhiteElo "1815"]
[BlackElo "2067"]
[PlyCount "60"]
[EventDate "2009.08.01"]

1. e4 c6 2. d4 g6 3. f4 d5 4. e5 h5 5. Nf3 Nh6 6. Nc3 Qb6 7. Be2 Bg4 8. h3 Bxf3
9. Bxf3 Nf5 10. Ne2 Na6 11. c3 e6 12. g4 Nh4 13. Ng3 hxg4 14. hxg4 Nxf3+ 15.
Qxf3 Rxh1+ 16. Qxh1 c5 17. Qg1 cxd4 18. cxd4 Nb4 19. Kd1 Nxa2 20. Qe3 Nxc1 21.
Rxc1 Qxb2 22. f5 Ba3 23. Rc7 Qb6 24. Qc3 Be7 25. fxg6 fxg6 26. Ne2 Kd8 27. Nf4
Bb4 28. Qc1 Qxd4+ 29. Kc2 Qxe5 30. Rg7 Rc8+ 0-1

[Event "III Memorial Aldo Perini A"]
[Site "Senigallia ITA"]
[Date "2009.08.02"]
[Round "2"]
[White "Pelagalli, Marco"]
[Black "Magini, Fabio"]
[Result "1/2-1/2"]
[WhiteElo "1836"]
[BlackElo "2005"]
[PlyCount "105"]
[EventDate "2009.08.01"]

1. e4 Nf6 2. e5 Nd5 3. c4 Nb6 4. d4 d6 5. f4 dxe5 6. fxe5 Nc6 7. Be3 Bf5 8. Nc3
e6 9. Nf3 Be7 10. Be2 O-O 11. O-O f6 12. exf6 Bxf6 13. Qd2 Qd7 14. Rac1 Rad8
15. Rfd1 Ne7 16. Qe1 Na4 17. b3 Nxc3 18. Rxc3 Qe8 19. Rcc1 Bg6 20. Ng5 Nf5 21.
Bf3 c6 22. Bg4 Qe7 23. Nf3 Rd7 24. Ne5 Bxe5 25. dxe5 Nxe3 26. Qxe3 b6 27. Rd6
Bf5 28. Bxf5 Rxf5 29. Rxc6 Qa3 30. Rxe6 Rd3 31. Qe1 Qc5+ 32. Kh1 Re3 33. Qd2
Rexe5 34. Qd8+ Rf8 35. Rxe5 Rxd8 36. Rxc5 bxc5 37. Kg1 Rd2 38. Ra1 Rb2 39. h3
h5 40. Rd1 Rxa2 41. Rd5 Rb2 42. Rxh5 Rxb3 43. Rxc5 Rc3 44. Kf1 Rc2 45. g4 a5
46. Ke1 a4 47. Kd1 Rc3 48. h4 a3 49. Kd2 a2 50. Ra5 Rxc4 51. Rxa2 Rxg4 52. Ke3
Rxh4 53. Kd3 1/2-1/2

[Event "III Memorial Aldo Perini A"]
[Site "Senigallia ITA"]
[Date "2009.08.02"]
[Round "2"]
[White "Proietti, Tosca"]
[Black "Bozzali, Ermanno"]
[Result "0-1"]
[WhiteElo "1829"]
[BlackElo "2080"]
[PlyCount "106"]
[EventDate "2009.08.01"]

1. e4 g6 2. Nc3 Bg7 3. Bc4 c5 4. d3 e6 5. Nge2 a6 6. a4 Nc6 7. O-O Nge7 8. Bg5
f6 9. Bd2 d5 10. exd5 exd5 11. Ba2 Bg4 12. f3 Bf5 13. Ng3 Be6 14. Re1 Bf7 15.
Kh1 O-O 16. Qc1 Nb4 17. Bb3 Nec6 18. Na2 Nxa2 19. Bxa2 b5 20. a5 c4 21. dxc4
bxc4 22. Bb1 Rb8 23. b3 cxb3 24. cxb3 Nd4 25. b4 Nb3 26. Qb2 Nxa1 27. Qxa1 f5
28. Qa4 Re8 29. Rd1 Re6 30. Bd3 Be8 31. Qa2 Bb5 32. Bxb5 Rxb5 33. Be1 Qe8 34.
Bf2 f4 35. Nf1 Re2 36. Rd2 Rxd2 37. Qxd2 Qe5 38. Bc5 Kf7 39. Qd3 Ke6 40. h3 Qe1
41. Kh2 Bc3 42. Qc2 Kd7 43. Qd3 Kc6 44. Qc2 Kd7 45. Qd3 Ke6 46. Qc2 Bf6 47. Qd3
Bh4 48. Kg1 Bg3 49. Qd2 Qxd2 50. Nxd2 Be1 51. Nb3 Bxb4 52. Nd4+ Kf6 53. Nxb5
Bxc5+ 0-1

[Event "III Memorial Aldo Perini A"]
[Site "Senigallia ITA"]
[Date "2009.08.02"]
[Round "2"]
[White "Raselli, Claudio"]
[Black "Palmitessa, Chiara"]
[Result "1/2-1/2"]
[WhiteElo "1984"]
[BlackElo "1807"]
[PlyCount "76"]
[EventDate "2009.08.01"]

1. d4 d5 2. Nf3 Nf6 3. e3 Bg4 4. c4 c6 5. Qb3 Qc7 6. Ne5 Bf5 7. Nc3 e6 8. cxd5
exd5 9. Bd2 Bd6 10. Rc1 a6 11. Bd3 Bxd3 12. Nxd3 Nbd7 13. h3 O-O 14. O-O Rfe8
15. Ne2 Ne4 16. Bb4 Qb6 17. Bxd6 Qxb3 18. axb3 Nxd6 19. Nc3 Nf6 20. Ne5 Nfe4
21. Nxe4 Nxe4 22. Rfd1 f6 23. Nd3 Re7 24. Nc5 Nxc5 25. Rxc5 Rae8 26. Rc2 f5 27.
g3 g5 28. Kg2 f4 29. exf4 gxf4 30. g4 Kf7 31. Rdd2 Kf6 32. Kf3 Kg5 33. Rc1 Kh4
34. b4 Re4 35. Kg2 Kg5 36. Kf3 Kh4 37. Kg2 Kg5 38. Kf3 Kh4 1/2-1/2

[Event "III Memorial Aldo Perini A"]
[Site "Senigallia ITA"]
[Date "2009.08.02"]
[Round "2"]
[White "Rebeggiani, Luca"]
[Black "Gromovs, Sergejs"]
[Result "0-1"]
[WhiteElo "2019"]
[BlackElo "2339"]
[PlyCount "90"]
[EventDate "2009.08.01"]

1. e4 c5 2. Nf3 d6 3. d4 cxd4 4. Nxd4 Nf6 5. Nc3 a6 6. Be2 e5 7. Nb3 Be6 8. Bg5
Nbd7 9. O-O Be7 10. Qd2 O-O 11. Rfd1 Rc8 12. Rac1 h6 13. Bxf6 Nxf6 14. Bf3 Rc4
15. Qd3 Qc7 16. Nd2 Rd4 17. Qe2 g5 18. g3 Rc8 19. Nb3 Rc4 20. Nd2 Rc6 21. Nf1
Bc4 22. Qe1 Bxf1 23. Qxf1 Rb6 24. Na4 Rc6 25. Nc3 Qb6 26. Rb1 Rc4 27. a3 Kg7
28. Be2 Rd4 29. Bd3 d5 30. Ne2 dxe4 31. Nxd4 exd4 32. Bc4 Ng4 33. Qe2 f5 34. b3
Ne5 35. h3 Qc6 36. a4 Rb8 37. a5 Bb4 38. Ra1 Bc3 39. Ra4 Rf8 40. f4 Nf3+ 41.
Kf1 gxf4 42. gxf4 Rf6 43. Bf7 Rxf7 44. Rc4 Qg6 45. Qg2 Bxa5 0-1

[Event "III Memorial Aldo Perini A"]
[Site "Senigallia ITA"]
[Date "2009.08.02"]
[Round "2"]
[White "Recchi, Antonio"]
[Black "Rago, Riccardo"]
[Result "0-1"]
[WhiteElo "1881"]
[BlackElo "2088"]
[PlyCount "88"]
[EventDate "2009.08.01"]

1. e4 c5 2. Nf3 Nc6 3. d4 cxd4 4. Nxd4 Nf6 5. Nc3 e5 6. Ndb5 d6 7. Bg5 a6 8.
Bxf6 gxf6 9. Na3 b5 10. Nd5 Bg7 11. c3 O-O 12. Nc2 f5 13. Bd3 fxe4 14. Bxe4 f5
15. Ne7+ Qxe7 16. Bxc6 Rb8 17. Nb4 Kh8 18. Qd2 a5 19. Nd5 Qf7 20. O-O Be6 21.
Ne3 f4 22. Nc2 d5 23. Rfd1 Rfd8 24. Qe2 f3 25. gxf3 Qg6+ 26. Kh1 Bh3 27. Rg1
Qxc6 28. Rg3 Bf5 29. Rag1 Bf6 30. Ne3 Qe6 31. Ng4 Bxg4 32. fxg4 Bg5 33. Re1 Bf4
34. Rh3 Rg8 35. f3 b4 36. Rh5 bxc3 37. Qd3 Qg6 38. Qxc3 d4 39. Qa3 d3 40. Rf5
d2 41. Rd1 Qh6 42. Rh5 Qc6 43. Qd3 Rg6 44. b3 Rh6 0-1

[Event "III Memorial Aldo Perini A"]
[Site "Senigallia ITA"]
[Date "2009.08.02"]
[Round "2"]
[White "Rombaldoni, Axel"]
[Black "Burani, Eugenio"]
[Result "1-0"]
[WhiteElo "2425"]
[BlackElo "1993"]
[PlyCount "35"]
[EventDate "2009.08.01"]

1. e4 c5 2. Nf3 Nf6 3. e5 Nd5 4. d4 cxd4 5. Qxd4 e6 6. Bc4 Nc6 7. Qe4 f5 8. Qe2
Nb6 9. Bb3 d6 10. exd6 Qxd6 11. O-O Bd7 12. Rd1 Qe7 13. Nc3 h6 14. Nb5 O-O-O
15. Bf4 Qf6 16. Ne5 g5 17. Nxc6 bxc6 18. Be5 1-0

[Event "III Memorial Aldo Perini A"]
[Site "Senigallia ITA"]
[Date "2009.08.02"]
[Round "2"]
[White "Rotoni, Matteo"]
[Black "Cannada Bartoli, Vincenzo"]
[Result "1-0"]
[WhiteElo "2189"]
[BlackElo "1981"]
[PlyCount "87"]
[EventDate "2009.08.01"]

1. e4 e6 2. d4 d5 3. e5 c5 4. c3 Nc6 5. Be3 Bd7 6. Nf3 c4 7. Nbd2 b5 8. Be2 a5
9. O-O Nge7 10. Qc2 a4 11. a3 h6 12. Ne1 Nf5 13. Ndf3 Qb6 14. g3 g5 15. Ng2
O-O-O 16. g4 Nfe7 17. h4 gxh4 18. Nfxh4 Rg8 19. Kh1 Ng6 20. Nxg6 fxg6 21. Nf4
Ne7 22. Rg1 Be8 23. Qd2 Bf7 24. Rg2 Bg7 25. Rh2 Rh8 26. Rg1 Rh7 27. Bd1 Rdh8
28. Bc2 Qc6 29. f3 Qe8 30. Kg2 Rf8 31. Nh5 gxh5 32. Bxh7 hxg4 33. fxg4 Bg6 34.
Bxg6 Qxg6 35. Rh3 Nf5 36. Kh2 Nxe3 37. Qxe3 Qc2+ 38. Rg2 Qd1 39. Qe2 Qb1 40.
Rf3 Rxf3 41. Qxf3 Qg6 42. Rf2 Qg5 43. Kh3 Kd8 44. Qf7 1-0

[Event "III Memorial Aldo Perini A"]
[Site "Senigallia ITA"]
[Date "2009.08.02"]
[Round "2"]
[White "Rovedi, Mauro"]
[Black "Dvirnyy, Danyyil"]
[Result "0-1"]
[WhiteElo "2033"]
[BlackElo "2440"]
[PlyCount "48"]
[EventDate "2009.08.01"]

1. Nf3 Nf6 2. g3 d5 3. d4 g6 4. Bg2 Bg7 5. O-O O-O 6. Ne5 c5 7. c3 Nc6 8. Nxc6
bxc6 9. Qa4 Bg4 10. Re1 cxd4 11. cxd4 Qb6 12. Nc3 Nd7 13. e3 e5 14. h3 exd4 15.
Nxd5 cxd5 16. hxg4 Nc5 17. Qa3 Rfe8 18. b4 Ne4 19. exd4 Nxf2 20. Kxf2 Rxe1 21.
Kxe1 Qxd4 22. Bb2 Qg1+ 23. Bf1 Re8+ 24. Kd2 Qf2+ 0-1

[Event "III Memorial Aldo Perini A"]
[Site "Senigallia ITA"]
[Date "2009.08.02"]
[Round "2"]
[White "Salmoiraghi, Angelo"]
[Black "Busetto, Giorgio"]
[Result "0-1"]
[WhiteElo "2151"]
[BlackElo "1882"]
[PlyCount "76"]
[EventDate "2009.08.01"]

1. e4 e6 2. d4 d5 3. Nc3 Nf6 4. e5 Nfd7 5. Qh5 c5 6. Nf3 g6 7. Qg4 h5 8. Qg3
Bg7 9. Bd3 cxd4 10. Nb5 O-O 11. Bxg6 fxg6 12. Qxg6 Nxe5 13. Nxe5 Qf6 14. Qxf6
Bxf6 15. Ng6 Rf7 16. Nf4 Be5 17. Nd3 Nc6 18. Nxe5 Nxe5 19. Nxd4 Bd7 20. f4 Nc4
21. O-O Nd6 22. Re1 Ne4 23. g3 Rc8 24. c3 Kh7 25. Be3 Rg8 26. Nf3 h4 27. Nxh4
e5 28. Kf1 Bb5+ 29. Kg2 exf4 30. Bd4 fxg3 31. Rxe4 dxe4 32. hxg3 e3 33. Bxe3
Bc6+ 34. Kh2 Re8 35. Re1 Bf3 36. Nxf3 Rxf3 37. Bd2 Rxe1 38. Bxe1 Rf1 0-1

[Event "III Memorial Aldo Perini A"]
[Site "Senigallia ITA"]
[Date "2009.08.02"]
[Round "2"]
[White "Stromboli, Carlo"]
[Black "Bruno, Fabrizio P."]
[Result "1-0"]
[WhiteElo "2289"]
[BlackElo "1989"]
[PlyCount "65"]
[EventDate "2009.08.01"]

1. e4 d6 2. d4 Nf6 3. Nc3 g6 4. g3 Bg7 5. Bg2 O-O 6. Nge2 e5 7. O-O Bd7 8. h3
Qc8 9. Kh2 Nc6 10. d5 Ne7 11. Be3 h6 12. Qd2 Kh7 13. f4 Nfg8 14. g4 exf4 15.
Bxf4 g5 16. Bg3 Ng6 17. Nd4 N8e7 18. Nf5 Nxf5 19. exf5 Nf4 20. Be4 Bf6 21. Bxf4
gxf4 22. Rxf4 Qd8 23. Kh1 Rg8 24. Rg1 Kg7 25. Rf3 Qe7 26. h4 Bxh4 27. g5 Kh8
28. f6 Qe5 29. g6 Qh5 30. g7+ Rxg7 31. fxg7+ Kg8 32. Qh2 Bg4 33. Rf4 1-0

[Event "III Memorial Aldo Perini A"]
[Site "Senigallia ITA"]
[Date "2009.08.02"]
[Round "2"]
[White "Visigalli, Cesare"]
[Black "Bonazzi, Edoardo"]
[Result "0-1"]
[WhiteElo "1839"]
[BlackElo "2183"]
[PlyCount "64"]
[EventDate "2009.08.01"]

1. e4 c6 2. d4 d5 3. Nc3 dxe4 4. Nxe4 Bf5 5. Ng3 Bg6 6. h4 h6 7. h5 Bh7 8. Nf3
Nd7 9. Bd3 Bxd3 10. Qxd3 e6 11. Bf4 Qa5+ 12. Bd2 Bb4 13. a3 Bxd2+ 14. Qxd2
Qxd2+ 15. Nxd2 Ngf6 16. O-O-O O-O-O 17. Nde4 Kc7 18. c4 Nxe4 19. Nxe4 Nf6 20.
Nxf6 gxf6 21. g4 Rhg8 22. Rhg1 b5 23. cxb5 cxb5 24. Kc2 Rd5 25. Rg3 f5 26. gxf5
Rxg3 27. fxg3 Rxf5 28. g4 Rg5 29. Rf1 f5 30. gxf5 exf5 31. Rh1 Kd6 32. Rh3 Kd5
0-1

[Event "III Memorial Aldo Perini A"]
[Site "Senigallia ITA"]
[Date "2009.08.03"]
[Round "3"]
[White "Bonazzi, Edoardo"]
[Black "Giuliani, Sante"]
[Result "1/2-1/2"]
[WhiteElo "2183"]
[BlackElo "1987"]
[PlyCount "105"]
[EventDate "2009.08.01"]

1. Nf3 d5 2. c4 c6 3. g3 Nf6 4. Bg2 Bf5 5. cxd5 cxd5 6. Qb3 Nc6 7. Qxb7 Bd7 8.
Qb3 e5 9. d3 Rb8 10. Qd1 Bb4+ 11. Nfd2 e4 12. O-O exd3 13. exd3 O-O 14. Nc3 Bg4
15. Qa4 Nd4 16. Qxa7 Bxc3 17. bxc3 Ne2+ 18. Kh1 Nxc3 19. Ba3 Re8 20. Rfe1 Be6
21. Qc5 Rc8 22. Qd6 Nb5 23. Qxd8 Rexd8 24. Be7 Rd7 25. Bxf6 gxf6 26. Nb3 d4 27.
Rec1 Rxc1+ 28. Nxc1 Na3 29. Nb3 Nc2 30. Rc1 Nb4 31. Rc8+ Kg7 32. Nc5 Ra7 33.
Ra8 Rxa8 34. Bxa8 Bxa2 35. Kg2 f5 36. Bf3 Kf6 37. Nd7+ Ke7 38. Ne5 f6 39. Nc6+
Nxc6 40. Bxc6 Kd6 41. Bb7 Bb1 42. Ba6 Ba2 43. Bc8 Bd5+ 44. Kf1 f4 45. gxf4 Bf3
46. Bf5 h6 47. Be4 Bg4 48. Kg2 Ke6 49. Bb7 Be2 50. Ba6 Kd5 51. Kg3 Kc5 52. f5
Kb4 53. Kf4 1/2-1/2

[Event "III Memorial Aldo Perini A"]
[Site "Senigallia ITA"]
[Date "2009.08.03"]
[Round "3"]
[White "Bozzali, Ermanno"]
[Black "Stromboli, Carlo"]
[Result "1/2-1/2"]
[WhiteElo "2080"]
[BlackElo "2289"]
[PlyCount "96"]
[EventDate "2009.08.01"]

1. d4 Nf6 2. c4 e6 3. Nf3 d5 4. Nc3 Nbd7 5. e3 c6 6. Qc2 Bd6 7. g4 dxc4 8. Bxc4
e5 9. Be2 exd4 10. exd4 Nb6 11. h3 Be6 12. Bg5 h6 13. Bh4 g5 14. Bg3 Bxg3 15.
fxg3 Qd6 16. Rg1 O-O-O 17. O-O-O Kb8 18. Kb1 Nbd5 19. Qd2 Nxc3+ 20. bxc3 Ne4
21. Qe3 f5 22. gxf5 Bxf5 23. Kb2 Qc7 24. Ne5 Nd6 25. Bd3 Bxd3 26. Qxd3 Rhe8 27.
Rge1 Nf7 28. Ng4 Qd6 29. Qf5 Rxe1 30. Rxe1 Qxg3 31. Re7 Nd6 32. Qh7 Qg2+ 33.
Kb3 Qd5+ 34. Kb2 Qg2+ 35. Kb3 Qd5+ 36. Kb2 Qb5+ 37. Kc1 Nc4 38. Re2 Rf8 39. Nf6
Rd8 40. Nd7+ Ka8 41. Nc5 Nd6 42. Qe7 Qa5 43. Re6 a6 44. Rxd6 Qxc3+ 45. Kb1 Qb4+
46. Kc2 Rxd6 47. Qxd6 Qc4+ 48. Kb2 Qb4+ 1/2-1/2

[Event "III Memorial Aldo Perini A"]
[Site "Senigallia ITA"]
[Date "2009.08.03"]
[Round "3"]
[White "Briffault, Philippe"]
[Black "Ferrante, Filippo"]
[Result "1-0"]
[WhiteElo "1954"]
[BlackElo "1582"]
[PlyCount "55"]
[EventDate "2009.08.01"]

1. d4 d5 2. Nf3 Nf6 3. c4 c6 4. Nc3 e6 5. e3 Nbd7 6. Bd3 Be7 7. O-O O-O 8. e4
dxc4 9. Bxc4 Re8 10. Bb3 Nf8 11. Bg5 N6d7 12. h4 h6 13. Bxe7 Qxe7 14. e5 Rd8
15. Qe2 b6 16. Ne4 Ng6 17. g3 Bb7 18. Nd6 Rab8 19. Rfe1 c5 20. Nxb7 Rxb7 21. d5
exd5 22. Bxd5 Rc7 23. e6 f6 24. exd7+ Kh8 25. Qxe7 Nxe7 26. Rxe7 Rcxd7 27. Rxd7
Rxd7 28. Bc4 1-0

[Event "III Memorial Aldo Perini A"]
[Site "Senigallia ITA"]
[Date "2009.08.03"]
[Round "3"]
[White "Bruglia Prazio, Orlando"]
[Black "Scivales, Daniel"]
[Result "0-1"]
[WhiteElo "1902"]
[BlackElo "2037"]
[PlyCount "56"]
[EventDate "2009.08.01"]

1. d4 Nf6 2. Nf3 b6 3. Bf4 Bb7 4. e3 e6 5. Bd3 Be7 6. Nbd2 d5 7. O-O Nbd7 8.
Ne5 O-O 9. Qf3 Nxe5 10. dxe5 Nd7 11. Qh3 g6 12. c3 Re8 13. Nf3 Nc5 14. Bc2 f5
15. exf6 Bxf6 16. Qg3 c6 17. h4 Ba6 18. Rfc1 Nd3 19. Bc7 Nxc1 20. Rxc1 Qe7 21.
Be5 Qg7 22. Bxf6 Qxf6 23. h5 e5 24. hxg6 e4 25. gxh7+ Kh8 26. Ne1 Re7 27. f3
Rxh7 28. fxe4 Qf1# 0-1

[Event "III Memorial Aldo Perini A"]
[Site "Senigallia ITA"]
[Date "2009.08.03"]
[Round "3"]
[White "Burani, Eugenio"]
[Black "Pelagalli, Marco"]
[Result "1-0"]
[WhiteElo "1993"]
[BlackElo "1836"]
[PlyCount "47"]
[EventDate "2009.08.01"]

1. e4 c5 2. Nf3 e6 3. d4 cxd4 4. Nxd4 a6 5. Nc3 Qc7 6. Be2 Bb4 7. Qd3 Bxc3+ 8.
bxc3 Nf6 9. O-O d6 10. Ba3 Nbd7 11. Qg3 Nxe4 12. Qxg7 Rf8 13. Bh5 Ndf6 14. Qh6
Nxh5 15. Qxh5 Qxc3 16. Nb3 a5 17. Qb5+ Bd7 18. Qxb7 Bc6 19. Qc7 Rg8 20. Nd4
Qxd4 21. Qxc6+ Ke7 22. Qb7+ Kf6 23. Bb2 Nc3 24. Qf3+ 1-0

[Event "III Memorial Aldo Perini A"]
[Site "Senigallia ITA"]
[Date "2009.08.03"]
[Round "3"]
[White "Busetto, Giorgio"]
[Black "Altini, Nicola"]
[Result "0-1"]
[WhiteElo "1882"]
[BlackElo "2078"]
[PlyCount "34"]
[EventDate "2009.08.01"]

1. e4 c5 2. Nf3 e6 3. d4 cxd4 4. Nxd4 a6 5. Nc3 Qc7 6. Bd3 Nf6 7. O-O Nc6 8.
Nb3 Be7 9. Bg5 O-O 10. f4 h6 11. Bxf6 Bxf6 12. e5 Be7 13. Ne4 Nb4 14. Rf3 f5
15. exf6 Bxf6 16. Nxf6+ Rxf6 17. c3 b6 0-1